书目信息 |
| 题名: |
中国西北地区资源与环境问题研究
|
|
| 作者: | 孙成权 , 冯筠 主编 | |
| 分册: | ||
| 出版信息: | 北京 中国环境科学出版社 2001.01 |
|
| 页数: | 156页 | |
| 开本: | 26cm | |
| 丛书名: | 西部开发与生态环境建设丛书 | |
| 单 册: | ||
| 中图分类: | X | |
| 科图分类: | ||
| 主题词: | 环境科学 , 劳动?0 , a安全学 a自然资源x环境?0 , 自然资源--开发--合理 | |
| 电子资源: | ||
| ISBN: | 7-80163-062-9 | |
| 000 | 00899nam0 2200265 45 | |
| 001 | 0252041996 | |
| 005 | 2002041514272190 | |
| 010 | @a7-80163-062-9@dRMB 28.00 | |
| 100 | @a20020415d km y0chiy0120 ea | |
| 101 | 0 | @achi |
| 102 | @aCN@b110000 | |
| 200 | 1 | @a中国西北地区资源与环境问题研究@AZhong Guo Xi Bei Di Qu Zi Yuan Yu Huan Jing Wen Ti Yan Jiu@f孙成权,冯筠主编@FSun Cheng Quan,Feng Jun Zhu Bian |
| 210 | @a北京@c中国环境科学出版社@d2001.01 | |
| 215 | @a156页@d26cm | |
| 225 | 2 | @a西部开发与生态环境建设丛书 |
| 410 | 0 | @12001 @a西部开发与生态环境建设丛书 |
| 606 | 0 | @a环境科学 |
| 606 | 0 | @a劳动?0 |
| 606 | @@@@@@@@@@@@a安全学 @a自然资源@x环境?0 | |
| 606 | @a自然资源@x开发@x合理 | |
| 690 | @@@@@@@@@@@@aX@aX372.4@v3 | |
| 701 | 0 | @a孙成权@ASun Cheng Quan@4主编 |
| 701 | 0 | @a冯筠@AFeng Jun@4主编 |
| 801 | 0 | @@@@@@@@@@@@aCN@bPFT@c20020415 |
| 905 | @@@@@@@@@@@@a安徽大学@dX372.4@eS123 | |
| 中国西北地区资源与环境问题研究/孙成权,冯筠主编.-北京:中国环境科学出版社,2001.01 |
| 156页;26cm.-(西部开发与生态环境建设丛书) |
| ISBN 7-80163-062-9:RMB 28.00 |
| ● |
| 相关链接 |
|
|
|
正题名:中国西北地区资源与环境问题研究
索取号:X372.4/S123
 
预约/预借
| 序号 | 登录号 | 条形码 | 馆藏地/架位号 | 状态 | 备注 |
| 1 | 357102 | 203571027 | 自科库501/501自科库 67排2列4层/ [索取号:X372.4/S123] | 在馆 | |
| 2 | 357103 | 203571036 | 自科库501/501自科库 67排2列4层/ [索取号:X372.4/S123] | 在馆 |